Exposición retrospectiva de arte, 1908 (Record no. 5896)

MARC details
000 -CABECERA
campo de control de longitud fija 01353nam a2200289 a 4500
001 - NÚMERO DE CONTROL
campo de control BRCA_6209
005 - FECHA Y HORA DE LA ÚLTIMA TRANSACCIÓN
campo de control 20190320205354.0
008 - DATOS DE LONGITUD FIJA--INFORMACIÓN GENERAL
campo de control de longitud fija 250809s1910----sp-a---###---#000-0#spa-#
041 ## - CÓDIGO DE LENGUA
Código de lengua del texto/banda sonora o título independiente spa
044 ## - CÓDIGO DEL PAÍS DE LA ENTIDAD EDITORA/PRODUCTORA
Código MARC del país sp
050 #4 - SIGNATURA TOPOGRÁFICA DE LA BIBLIOTECA DEL CONGRESO
Número de clasificación N7101
Número de documento/Ítem .E97 2 1910
245 10 - MENCIÓN DE TÍTULO
Título Exposición retrospectiva de arte, 1908
Resto del título organizada bajo los auspicios del Excmo. Sr. Arzobispo de Zaragoza = L´Exposition Rétrospective d´Art, 1908 : organisée sous les Auspices de S. G. l´Archevéque de Saragosse
Mención de responsabilidad, etc. introducción por Mariano de Pano y Ruata ; prólogo Francisco de Paula Moreno ; texto histórico y crítico por Emile Bertaux.
260 ## - PUBLICACIÓN, DISTRIBUCIÓN, ETC.
Lugar de publicación, distribución, etc. Zaragoza, España
Nombre del editor, distribuidor, etc. Tip. La Editorial
Fecha de publicación, distribución, etc. 1910
300 ## - DESCRIPCIÓN FÍSICA
Extensión 358 p.
Otras características físicas il. (algunas a color), 115 láminas
Dimensiones 34 cm.
500 ## - NOTA GENERAL
Nota general Estado físico: encuadernación desprendida del lomo
500 ## - NOTA GENERAL
Nota general Ejemplar igual a B296
500 ## - NOTA GENERAL
Nota general Y89
546 ## - NOTA DE LENGUA/LENGUAJE
Nota de lengua/lenguaje Texto en: español y francés
650 14 - PUNTO DE ACCESO ADICIONAL DE MATERIA--TÉRMINO DE MATERIA
Término de materia o nombre geográfico como elemento de entrada Arte
Subdivisión de forma Exposiciones
Subdivisión geográfica España
9 (RLIN) 2034
700 1# - PUNTO DE ACCESO ADICIONAL--NOMBRE DE PERSONA
Nombre de persona Bertaux, Emile
Fechas asociadas al nombre 1869-1917
9 (RLIN) 9399
700 1# - PUNTO DE ACCESO ADICIONAL--NOMBRE DE PERSONA
Nombre de persona Pano y Ruata, Mariano de
9 (RLIN) 9400
700 1# - PUNTO DE ACCESO ADICIONAL--NOMBRE DE PERSONA
Nombre de persona Paula Moreno, Francisco de
Término indicativo de función/relación prol.
9 (RLIN) 15614
710 2# - PUNTO DE ACCESO ADICIONAL--NOMBRE DE ENTIDAD CORPORATIVA
Nombre de entidad corporativa o nombre de jurisdicción como elemento de entrada Real Junta del Centenario de los Sitios de 1808-1809 (Zaragoza)
9 (RLIN) 9402
740 0# - PUNTO DE ACCESO ADICIONAL--TÍTULO RELACIONADO O ANALÍTICO NO CONTROLADO
Título relacionado o analítico no controlado L´Exposition Rétrospective d´Art, 1908 : organisée sous les Auspices de S. G. l´Archevéque de Saragosse
902 ## - CATALOGADOR
Iniciales GFM
942 ## - ELEMENTOS DE PUNTO DE ACCESO ADICIONAL (KOHA)
Fuente del sistema de clasificación o colocación Library of Congress Classification
Tipo de ítem Koha Libros
Holdings
Estado de retiro Estado de pérdida Estado dañado No para préstamo Localización permanente Ubicación/localización actual Fecha de adquisición Número de inventario Total de préstamos Signatura topográfica completa Código de barras Fecha visto por última vez Precio válido a partir de Tipo de ítem Koha
El ejemplar forma parte de la colección y puede ser consultado según las políticas vigentes.       Biblioteca del Museo Franz Mayer (Rogerio Casas-Alatriste) Biblioteca del Museo Franz Mayer (Rogerio Casas-Alatriste) 18/07/2011 Y89   N7101 .E97 2 1910 (Y89) 6648 22/03/2019 22/03/2019 Libros